00621nam a2200205Ia 4500003000400000005001700004008004100021020001900062040000700081041000800088082001600096100002500112245004400137260004000181300000900221650002200230942001300252999001900265952013100284OSt20260520135009.0250729s2010 xx 000 0 und d a978-8175414150 cAL aeng a370.15 AGGE aJ C Aggarwal9233521 aEducation in the emerging indian socity aNew DelhibShipra Publicationc2010 a472p aEducation9233522 2ddccBED c240321d240321 00104070aALbALd2025-07-29eManagement Bookg395.00l0o370.15 AGGEpBED05640r2025-07-29 16:58:17v395.00w2025-07-29yBK